ბათუმის შოთა რუსთაველის სახელმწიფო უნივერსიტეტის ბიბლიოთეკა

სატვირთო გადაზიდვების ტექნოლოგია (ბიბ.ჩანაწერი № 50773)

000 -LEADER
fixed length control field 01122nam a2200253Ia 4500
001 - CONTROL NUMBER
control field 17725
003 - CONTROL NUMBER IDENTIFIER
control field GE_BSU
008 - FIXED-LENGTH DATA ELEMENTS--GENERAL INFORMATION
fixed length control field 181216s||||||||xx |||||||||||||| ||und||
020 ## - INTERNATIONAL STANDARD BOOK NUMBER
International Standard Book Number 9789941432279
040 ## - CATALOGING SOURCE
Transcribing agency GE_BSU
080 ## - UNIVERSAL DECIMAL CLASSIFICATION NUMBER
Universal Decimal Classification number 656.08(075.8)
100 ## - MAIN ENTRY--PERSONAL NAME
Personal name კილასონია,ე., თავბერიძე,ს.
245 ## - TITLE STATEMENT
Title სატვირთო გადაზიდვების ტექნოლოგია
245 ## - TITLE STATEMENT
Statement of responsibility, etc. რედ.დ. კბილაშვილი
260 ## - PUBLICATION, DISTRIBUTION, ETC.
Place of publication, distribution, etc. ქუთაისი
260 ## - PUBLICATION, DISTRIBUTION, ETC.
Name of publisher, distributor, etc. აკაკი წერეთლის სახ. უნ-ტი
260 ## - PUBLICATION, DISTRIBUTION, ETC.
Date of publication, distribution, etc. 2015
300 ## - PHYSICAL DESCRIPTION
Extent 176გვ., 20სმ.
300 ## - PHYSICAL DESCRIPTION
Accompanying material ბიბლ.გვ.173
653 ## - INDEX TERM--UNCONTROLLED
Uncontrolled term გადაზიდვის ტექნოლოგია
653 ## - INDEX TERM--UNCONTROLLED
Uncontrolled term სატვირთო გადაზიდვების ტექნოლოგია
653 ## - INDEX TERM--UNCONTROLLED
Uncontrolled term სატვირთო საავტომობილო და სატრაქტორო მოძრავი შემადგენლობის კლასიფიკაცია
942 ## - ADDED ENTRY ELEMENTS (KOHA)
Koha item type წიგნი
ეგზემპლარები
Withdrawn status Lost status Damaged status Not for loan Date acquired Barcode Date last seen Price effective from Koha item type
        2018-12-17 41585 2018-12-17 2018-12-17 წიგნი